Statistics for Logical Sequences #4

Click here to take the quiz!

General Stats

  • This quiz has been taken 474 times
    (325 since last reset)
  • The average score is 7 of 15

Answer Stats

HintHintAnswer% Correct
The Good >>>The Bad >>>The UglySergio Leone's movie (1966)
85%
Salt >>>Lake >>>CityCapital of the State of Utah
84%
Yangtze >>>Amazon >>>NileMajor rivers by length
75%
Bart >>>Lisa >>>MaggieThe Simpsons children
72%
Estonia >>>Latvia >>>LithuaniaThe 3 Baltic States post WWII
70%
Philip >>>Seymour >>>HoffmanAmerican actor and director
50%
Huey >>>Dewey >>>LouieDonald Duck's nephews
48%
Liberty >>>Equality >>>FraternityPolitical ideals of the French Republic
46%
The Hunger Games >>>Catching Fire >>>MockingjayThe Hunger Games trilogy
46%
Stewart Island >>>North Island >>>South IslandNew Zealand's main islands by size
44%
Beijing >>>London >>>Rio de JaneiroHost cities for 2008, 2012 and 2016 Olympic Games
30%
Algeria >>>Democratic Rep. Congo >>>SudanLargest African countries
29%
Barry Gibb >>>Robin Gibb >>>Maurice GibbBee Gees
21%
The Lion, the Witch and the Wardrobe >>>Prince Caspian >>>The Voyage of the Dawn TreaderThe Chronicles of Narnia
20%
Louvre >>>Metropolitan Museum of Art >>>British MuseumMost visited art museums in the world
5%

Score Distribution

Percentile by Number Answered

Percent of People with Each Score

Your Score History

You have not taken this quiz since the last reset